[Event "Foment Martinenc op-C 23rd"]
[Site "Barcelona"]
[Date "2023.05.27"]
[Round "6"]
[White "Cunillera Guil, Sergio"]
[Black "Kukushkin, Aleksei"]
[Result "1/2-1/2"]
[WhiteElo "1285"]
[BlackElo "1700"]
[PlyCount "94"]
[EventDate "2023.04.22"]
[EventType "swiss"]
[EventRounds "9"]
[EventCountry "ESP"]
[SourceTitle "EXT 2024"]
[Source "ChessBase"]
[SourceDate "2023.10.10"]
[SourceVersion "1"]
[SourceVersionDate "2023.10.10"]
[SourceQuality "1"]

1. b4 e5 2. a3 d5 3. Bb2 Nd7 4. d4 e4 5. e3 c6 6. c4 a5 7. c5 b6 8. Nc3 b5 9. Nxb5 cxb5 10. Bxb5 Ba6 11. Bc6 Rb8 12. Qa4 Ne7 13. Bxd7+ Qxd7 14. Qxa5 Bd3 15. f3 Qb5 16. Qxb5+ Rxb5 17. Bc3 Nf5 18. Kf2 g6 19. a4 Rb8 20. b5 Bh6 21. f4 g5 22. Nh3 gxf4 23. Nxf4 Bxf4 24. exf4 e3+ 25. Ke1 Rg8 26. b6 Rxg2 27. a5 Kd7 28. a6 Kc6 29. b7 Rgg8 30. Ra3 Bxa6 31. Rxa6+ Kxb7 32. Rf6 Kc8 33. Ke2 Rg2+ 34. Kd3 Ne7 35. Kxe3 Rb3 36. Kd3 Rf2 37. Rc1 Rxh2 38. Rxf7 Kd7 39. f5 Ke8 40. Rf6 Rh5 41. Kc2 Rb7 42. Re1 Rh2+ 43. Kc1 Rb3 44. Bd2 Rd3 45. Bg5 Rc3+ 46. Kb1 Rb3+ 47. Kc1 Rc3+ 1/2-1/2

[Event "Foment Martinenc op-C 23rd"]
[Site "Barcelona"]
[Date "2023.05.20"]
[Round "5"]
[White "Carrasco Gomez, Ariadna"]
[Black "Cunillera Guil, Sergio"]
[Result "0-1"]
[WhiteElo "1526"]
[BlackElo "1285"]
[PlyCount "84"]
[EventDate "2023.04.22"]
[EventType "swiss"]
[EventRounds "9"]
[EventCountry "ESP"]
[SourceTitle "EXT 2024"]
[Source "ChessBase"]
[SourceDate "2023.10.10"]
[SourceVersion "1"]
[SourceVersionDate "2023.10.10"]
[SourceQuality "1"]

1. e4 b6 2. d4 e6 3. Nf3 Bb7 4. Bd3 c5 5. c3 d5 6. Nbd2 g6 7. 0-0 Bg7 8. Re1 Nf6 9. e5 Nfd7 10. Nf1 0-0 11. Ng3 c4 12. Bc2 b5 13. Bf4 Nc6 14. Qd2 Re8 15. Bh6 a5 16. Bxg7 Kxg7 17. Qf4 b4 18. Ng5 Qe7 19. Rab1 a4 20. h4 h6 21. Nf3 b3 22. axb3 axb3 23. Bd1 Ra2 24. Nh2 Nb6 25. Bg4 Rea8 26. Bh3 Na4 27. Re2 Na7 28. Rd2 Nb5 29. Ne2 Bc6 30. Nf1 Be8 31. h5 g5 32. Qg3 f6 33. exf6+ Qxf6 34. Bg4 Bf7 35. Qe3 Bg8 36. Qg3 Bh7 37. Re1 Nxb2 38. Nc1 Nd3 39. Rxa2 Nxe1 40. Rb2 Ra1 41. Ne2 Nd3 42. Rd2 Ra2 0-1

[Event "Foment Martinenc op-C 22nd"]
[Site "Barcelona"]
[Date "2022.05.28"]
[Round "6"]
[White "Canillas Peinado, Oliver"]
[Black "Cunillera Guil, Sergio"]
[Result "0-1"]
[WhiteElo "1391"]
[BlackElo "1700"]
[PlyCount "86"]
[EventDate "2022.04.23"]
[EventType "swiss"]
[EventRounds "9"]
[EventCountry "ESP"]
[SourceTitle "EXT 2023"]
[Source "ChessBase"]
[SourceDate "2022.10.05"]
[SourceVersion "1"]
[SourceVersionDate "2022.10.05"]
[SourceQuality "1"]

1. e4 e5 2. Nf3 Nc6 3. Bb5 Nd4 4. Nxd4 exd4 5. c3 Qg5 6. Qf3 Qxb5 7. cxd4 d6 8. Nc3 Qc4 9. Nd5 Be6 10. d3 Qc6 11. Nc3 Qd7 12. d5 Bg4 13. Qg3 h5 14. h3 h4 15. Qxg4 Qxg4 16. hxg4 0-0-0 17. Bg5 f6 18. Rxh4 Rxh4 19. Bxh4 g5 20. Bg3 Kd7 21. f4 Nh6 22. fxg5 Nxg4 23. gxf6 Ne3 24. Kf2 Ng4+ 25. Kf3 Nxf6 26. Bh4 Bg7 27. d4 Rf8 28. Kg3 Nh5+ 29. Kg4 Nf4 30. g3 Nd3 31. Rd1 Nf2+ 32. Kg5 Nxd1 33. Nxd1 Bxd4 34. Kg6 Rf1 35. Nc3 Bxc3 36. bxc3 Ra1 37. g4 Rxa2 38. g5 a5 39. Kf6 Rh2 40. g6 Rxh4 41. g7 Rg4 42. e5 dxe5 43. Kxe5 Rxg7 0-1